একদা এক সময় (Record no. 74057)
[ view plain ]
| 000 -LEADER | |
|---|---|
| fixed length control field | 01201nam a22002537a 4500 |
| 001 - CONTROL NUMBER | |
| control field | 74057 |
| 003 - CONTROL NUMBER IDENTIFIER | |
| rucl marc code | BD-RjUL |
| 005 - DATE AND TIME OF LATEST TRANSACTION | |
| control field | 20211209082502.0 |
| 008 - FIXED-LENGTH DATA ELEMENTS--GENERAL INFORMATION | |
| fixed length control field | 180207b xxu||||| |||| 00| 0 eng d |
| 020 ## - INTERNATIONAL STANDARD BOOK NUMBER | |
| International Standard Book Number | 9879644393112 |
| Terms of availability | TK. 100 |
| 035 ## - SYSTEM CONTROL NUMBER | |
| System control number | (BD-RjUL)74275 |
| 040 ## - CATALOGING SOURCE | |
| Original cataloging agency | BD-RjUL |
| Language of cataloging | eng |
| Transcribing agency | BD-RjUL |
| 041 ## - LANGUAGE CODE | |
| Language code of text/sound track or separate title | ben |
| 082 ## - DEWEY DECIMAL CLASSIFICATION NUMBER | |
| Edition number | 23 |
| Classification number | 891.553 |
| Author mark and year | JAA 2008 |
| 100 ## - MAIN ENTRY--PERSONAL NAME | |
| Personal name | জামালযাদে, মোহাম্মদ আলী |
| 9 (RLIN) | 220088 |
| 245 10 - TITLE STATEMENT | |
| Title | একদা এক সময় |
| Remainder of title | (আ্ধুনিক ফার্সী সাহিত্যের প্রথম ছোট গল্প সংকলন) / |
| Statement of responsibility, etc. | মোহাম্মদ আলী জামালযাদে ; অনুবাদ আবদুস সবুর খান |
| 260 ## - PUBLICATION, DISTRIBUTION, ETC. (IMPRINT) | |
| Place of publication, distribution, etc. | ইরান : |
| Name of publisher, distributor, etc. | আল হুদা আন্তর্জাতিক প্রকাশনা সংস্থ , |
| Date of publication, distribution, etc. | ২০০৮ |
| 300 ## - PHYSICAL DESCRIPTION | |
| Pagination | ১১০ পৃ. : |
| Illustrations | ছবি ; |
| Size | ২২ সেমি। |
| 650 ## - SUBJECT ADDED ENTRY--TOPICAL TERM | |
| Topical term or geographic name as entry element | ফার্সী |
| Form subdivision | উপন্যাস |
| 9 (RLIN) | 220089 |
| Topical term or geographic name as entry element | Children's stories, |
| Geographic subdivision | Persian. |
| 9 (RLIN) | 220090 |
| Topical term or geographic name as entry element | fiction. |
| Geographic subdivision | Persian. |
| 9 (RLIN) | 220091 |
| 700 ## - ADDED ENTRY--PERSONAL NAME | |
| Personal name | খান, আবদুস সবুর |
| 942 ## - ADDED ENTRY ELEMENTS (KOHA) | |
| Source of classification or shelving scheme | Dewey Decimal Classification |
| Koha item type | Books |
| Lost status | Source of classification or shelving scheme | Damaged status | Not for loan | Collection code | Permanent Location | Current Location | Shelving location | Date acquired | Source of acquisition | Cost, normal purchase price | Total Checkouts | Full call number | Date last seen | Copy number | Koha item type |
|---|---|---|---|---|---|---|---|---|---|---|---|---|---|---|---|
| Dewey Decimal Classification | Fiction | Central Library, University of Rajshahi | Central Library, University of Rajshahi | Reading Room | 17/04/2017 | Dhaka , Iran embassy | 100.00 | B 891.553 JAA 2008 | 07/02/2018 | C-1 | Books | ||||
| Dewey Decimal Classification | Fiction | Central Library, University of Rajshahi | Central Library, University of Rajshahi | 17/04/2017 | Dhaka , Iran embassy | 100.00 | B 891.553 JAA 2008 | 07/02/2018 | C-2 | Books |